Регионална библиотека "Любен Каравелов" - Русе

Иван Д. Шишманов - литературен историк и критик (Запис номер 183825)

MARC детайли
000 -Лидер
Контролно поле с фиксирана дължина 02187nam a2200457 c 4500
003 - Код на организацията, давaща контролен номер
Контролно поле BLK
005 - Дата и час на последна редакция
Контролно поле 20240315154252.0
008 - Елементи от данни с фиксирана дължина
fixed length control field 180411b bul|||||r ||||||| ||bul||
010 ## - Наследен системен номер
LC control number KNG00192770000
040 ## - Източник на каталожния запис
Идентификатор на билиотеката - собственик на записа BLK
041 ## - Код за език
Код за езика на текст/звукозапис или на отделно заглавие Български
Код за езика КДБФ Български
072 #7 - Код за тематичната категория
Код организация bullib
Код за тематична категория А
Текст Фонд Михаил Арнаудов
072 #7 - Код за тематичната категория
Код организация bullib
Код за тематична категория Я
Текст Автографи
080 ## - УДК
Текстов определител УДК Литературна критика
УДК код - определител по УДК 82.09
УДК - код + определител 82.09
080 ## - УДК
Текстов определител УДК Филолог, български политик, преподавател
УДК код - определител по УДК 929 Шишманов, Иван Димитров
УДК - код + определител 929 Шишманов, Иван Димитров
100 1# - Редна дума - Автор
Автор Димов, Георги Христов
Авторска отговорност първи автор
R(LIN) 343099
139 ## - Редно поле
Редна дума Димов, Георги Христов
Авторски знак Шишм - Ш 70
245 10 - Сведения за заглавието
Заглавие Иван Д. Шишманов - литературен историк и критик
Редно поле (дума) Георги Христов Димов.
257 ## - Страна на издаване
Страна на създаване/издаване България
260 ## - Област на издателските данни
Име на издателя, разпространителя и проч. БАН
Година на издаване 1956
300 ## - Физическа характеристика
Страници 268 с., 6 л.
Илюстрации и др. факс., 1 л. : портр.
Размери/Мащаб 21 см
380 ## - Жанр
Жанр Литературознание
490 ## - СЕРИИ (Колекции)
9 (RLIN) 396381
Име на серия Частна колекция - Академик Михаил Арнаудов
Бележки за серията Дарение - Основен фонд
500 ## - Общи забележки
Забележка Изд. на БАН. Инст. за бълг. лит. - Библиогр. под линия. - Рез. на рус. и фр. ез. - Фонд Михаил Арнаудов - Твърда подв.
500 ## - Общи забележки
Забележка Автограф с текст: На уважаемия проф. М. Арнаудов скромен дар! 5. ІХ. 1956 г. Г. Димов.
600 14 - Име на лице, използвано като предмет
За него / За нея Шишманов, Иван Димитров
9 (RLIN) 143639
650 #4 - Допълнително описание по предмет – тема
Основно описание – тема или топоним Литературна критика, българска
9 (RLIN) 241943
650 #4 - Допълнително описание по предмет – тема
Основно описание – тема или топоним Шишманов, Иван Димитров
9 (RLIN) 365496
653 ## - Ключова дума – ненормативна
Ключова дума Иван Шишманов
653 ## - Ключова дума – ненормативна
Ключова дума литературна критика
659 ## - Тематичен бюлетин
Тематичен бюлетин А
659 ## - Тематичен бюлетин
Тематичен бюлетин Я
852 ## - Местоположение
Форматна сигнатура МА 428
Фондова буква Фонд "Михаил Арнаудов"
856 4# - Електронен адрес и достъп
Електронен формат pdf - файл
856 4# - Електронен адрес и достъп
Електронен формат pdf - файл
999 ## - СИСТЕМНИ КОНТРОЛНИ НОМЕРА
Koha biblionumber 183825
Koha biblioitemnumber 183825
942 ## - АРТИКУЛИ
Вид на библиотечния материал Книги
Скрит в OPAC Не
Периодичен библиозапис Да
944 ## - СЪЗДАВАНЕ И РЕДАКЦИЯ на ЗАПИСА
Създаване/Редакция Създаване
Дата на регистрацията/редакция 13.10.2016
Служител, извършил регистрацията/редакцията 30560
Статус, дата на статуса Геновева Генчева
944 ## - СЪЗДАВАНЕ И РЕДАКЦИЯ на ЗАПИСА
Създаване/Редакция Редакция
Дата на регистрацията/редакция 09.06.2017
Служител, извършил регистрацията/редакцията Геновева_Генчева
999 ## - СИСТЕМНИ КОНТРОЛНИ НОМЕРА
Koha biblioitemnumber 183825
999 ## - СИСТЕМНИ КОНТРОЛНИ НОМЕРА
Koha biblioitemnumber 183825
Наличности
Код за отписване Код за изгубен артикул Източник на класификационната схема Код за повреда Коз за рестрикции Код за отдаване Артикулен № Име на библиотеката - собственик Име на библиотеката, в която се намира в момента Статус (Текущо местоположение) Дата на вписване в системата Местоположение - отдел Цена в лева Инвентарен номер Систематично азбучна сигнатура Баркод Номер на екземпляра Цена в евро Служебна бележка Служебен тип на артикула Номерация (Хронология)
  Не е изгубен Universal Decimal Classification Не е повреден без рестрикции ползва се в читалня 317199 Регионална библиотека "Любен Каравелов" Русе Регионална библиотека "Любен Каравелов" Русе Хранилище 1956-01-01 Основен фонд - ползва се само за читалня 1.55 8711/56 Цб 3734 900000051151 1 0.79 N: Сф Дата: 01.01.1956 Книги  
Изтеглен Не е изгубен Universal Decimal Classification Не е повреден без рестрикции заемане за дома 317200 Регионална библиотека "Любен Каравелов" Русе Регионална библиотека "Любен Каравелов" Русе Заемна - подръчен фонд 1956-01-01 Заемна - подръчен фонд 0.00 3911/57 П 82.0/Ш 70 3911/57 2 0.00 N: Сф Дата: 01.01.1956 Книги  
  Не е изгубен Universal Decimal Classification Не е повреден само за читалня Специални фондове ( старопечатни, редки и ценни, фонд М. Арнаудов) 317201 Регионална библиотека "Любен Каравелов" Русе Регионална библиотека "Любен Каравелов" Русе Фонд "Михаил Арнаудов" 1973-01-01 Фонд "Михаил Арнаудов" 1.54 587325 МА 428 120000587325 3 0.79 Дост: DA Вид: А N: стар фонд Дата: 01.01.1973 Книги Автограф: Георги Димов
Vip Innovations Ltd, Rousse, Bulgaria 2025